Улсын нэр томъёоны комиссын мэдээ (Бичлэгийн дугаар. 59979)
[ энгийн харах ]
| 000 -Удирдлага | |
|---|---|
| Ном зүйн бүртгэл тоо буюу кодлох утгыг агуулсан | 00720 a2200229 4500 |
| 003 - ХЯНАЛТЫН ТОО ТОДОРХОЙЛОГЧ | |
| Код | MN-UlNLM |
| 005 - ХАМГИЙН СҮҮЛИЙН ҮЕИЙН ХЭЛЦЛИЙН ОГНОО БА ЦАГ | |
| Тухайн бичилтийг бичсэн засварласан сүүлийн огноо. | 20230309141709.0 |
| 008 - ЕРӨНХИЙ МЭДЭЭЛЭЛ-ЭЛЕМЕНТҮҮДИЙН ӨГӨГДЛИЙН УРТ | |
| fixed length control field | a130s1974 mp ||||| |||| 00|mond |
| 040 ## - ЭХ СУРВАЛЖИЙГ ТОДОРХОЙЛОН БИЧИХ | |
| Анхны каталогийн байгууллага | Монгол Улсын Үндэсний номын сан |
| 041 ## - ХЭЛНИЙ КОД | |
| Текстийн хэлний код/фонограм буюу салангид гарчиг | |
| 084 ## - БУСАД АНГИЛЛЫН ДУГААР | |
| Зохиогчийн 3-н тэмдэгт | У 315 |
| Ангиллын нэр | Аравтын ангилал |
| Шинжлэх ухааны мэдлэгийн салбар | Хэл шинжлэл - 80 |
| Анги | 413Орос |
| 245 0# - ҮНДСЭН ГАРЧИГ | |
| Гарчиг | Улсын нэр томъёоны комиссын мэдээ |
| 260 1# - ГАРАЛТЫН ТУХАЙ МЭДЭЭ | |
| Хэвлэгдсэн газар | УБ |
| Хэвлэлийн газар | ШУАХ |
| Хэвлэгдсэн он | 1974 |
| 300 ## - ТООНЫ МЭДЭЭ | |
| Хуудасны тоо | 324х |
| 490 ## - БОТИЙН/ЦУВРАЛЫН ТУХАЙ МЭДЭЭ | |
| Ботийн/Цувралын нэр | Амьтны нэр томьёо |
| Ботийн/Цувралын дугаар | № 96-97 |
| 500 ## - НОМЫН ТОВЧ АГУУЛГА | |
| Дэлгэрэнүй тайлбар | БНМАУ-ын шинжлэх ухааны хүрээлэн |
| 546 ## - ХЭЛНИЙ ТУХАЙ МЭДЭЭ | |
| Хэл | |
| -- | |
| -- | Бусад |
| -- | |
| 653 ## - ТҮЛХҮҮР ҮГС | |
| Түлхүүр үг | Хэл шинжлэл |
| 856 ## - ЭЛЕКТРОН БАЙРЛАЛ БА ХОЛБООС | |
| Төрөл | Хэвлэмэл ном |
| 942 ## - ЭЛЕМЕНТИЙН ТӨРӨЛ | |
| Төрөл | Ном |
| Буцаан татагдсан төлөв | Хасагдсан шалтгаан | Гэмтсэн төлөв | Данс заагч | Захиалах боломжгүй | Үндсэн номын сан | Одоогийн байршил | Салбар танхим | Сан хөмрөг 5 | Бүртгэсэн огноо | Тавиурын заалт | Баркод | Үнэ | Хамгийн сүүлд байсан огноо | Нийт уншлаганд гарсан тоо | Хамгийн сүүлд уншлаганд гарсан огноо | Төрөл | Бүрдүүлэлтийн эх үүсвэр |
|---|---|---|---|---|---|---|---|---|---|---|---|---|---|---|---|---|---|
| МУҮНомын сан салбар | МУҮНомын сан салбар | МУҮНС салбар | Язгуур танхим 8 давхар | МУҮНС салбар | Язгуур танхим 8 давхар | 2021-09-01 | 144086 | 00144086 | 18.75 | 2021-09-01 | Ном | ||||||||
| МУҮНомын сан салбар | МУҮНомын сан салбар | МУҮНС салбар | Язгуур танхим 8 давхар | МУҮНС салбар | Язгуур танхим 8 давхар | 2021-09-01 | 144076 | 00144076 | 18.75 | 2021-09-01 | Ном | ||||||||
| МУҮНомын сан салбар | МУҮндэсний Номын сан | МУҮНС салбар | Язгуур танхим 8 давхар | МУҮНС салбар | Язгуур танхим 8 давхар | 2021-09-01 | 144079 | 00144079 | 18.75 | 2024-09-12 | 2 | 2024-09-09 | Ном | ||||||
| МУҮндэсний Номын сан | МУҮндэсний Номын сан | МУҮНС төв | Үлдэх нөөц | МУҮНС төв | Үлдэх нөөц | 2021-09-23 | 144080 | 00144080 | 18.75 | 2021-09-23 | Ном | ||||||||
| МУҮндэсний Номын сан | МУҮндэсний Номын сан | МУҮНС төв | Ойр фонд | МУҮНС төв | Ойр фонд | 2021-09-23 | 144077 | 00144077 | 18.75 | 2021-09-23 | Ном | ||||||||
| МУҮндэсний Номын сан | МУҮндэсний Номын сан | МУҮНС төв | Үлдэх нөөц | МУҮНС төв | Үлдэх нөөц | 2021-09-23 | 144081 | 00144081 | 18.75 | 2021-09-23 | Ном | ||||||||
| МУҮндэсний Номын сан | МУҮндэсний Номын сан | МУҮНС төв | Үлдэх нөөц | МУҮНС төв | Үлдэх нөөц | 2021-09-23 | 144090 | 00144090 | 18.75 | 2021-11-10 | 1 | 2021-11-10 | Ном | ||||||
| МУҮндэсний Номын сан | МУҮндэсний Номын сан | МУҮНС төв | Үлдэх нөөц | МУҮНС төв | Үлдэх нөөц | 2021-09-23 | 144087 | 00144087 | 18.75 | 2021-09-23 | Ном | ||||||||
| Албан хэрэгцээнд | МУҮндэсний Номын сан | МУҮндэсний Номын сан | МУҮНС төв | Архив фонд төв байр | МУҮНС төв | Архив фонд төв байр | 2021-03-22 | 7538 | 003110007538 | 18.75 | 2021-03-22 | Ном | Бэлэг, хандив |